000 00801nam a22002057a 4500
999 _c20000
_d20000
003 AR-CdUCM
008 190524b ||||| |||| 00| 0 spa d
040 _aMUNICIPALIDAD PROVINCIAL DEL CUSCO
_cBIBLIOTECA MUNICIPAL DEL CUSCO
082 _a625.89 /
_bS36
100 _aSeguín, Carlos Alberto :
_917912
245 _aMedicinas tradicionales y medicina folklórica /
260 _aLima :
_bDesa,
_c1988.
300 _a131 páginas ;
_c21 cm.
505 _aContenido: Ser y significar -- El hombre no es una maquina -- El papel de la Organización Mundial de la Salud -- La medicina académica -- La medicina tradicional integrada...
650 _aMedicina tradicional
_914646
650 _aMedicina popular
_96958
650 _aMedicina mesiánica
_941837
942 _2ddc
_cLIBROS
945 _aAndy